| 000 | 00430cam a2200169ua 4500 | ||
|---|---|---|---|
| 041 |
_aeng _h |
||
| 082 |
_a621.901 _bATH/WO |
||
| 100 | _aWilliam , H Atherton . | ||
| 245 |
_aWorkshop practice Vol-3 / _cAtherton William H. _hTextual Documents |
||
| 250 |
_a3 / _b. |
||
| 260 |
_a : _bNew Era publishing co. Ltd , _c1959. |
||
| 300 | _a325 ; . | ||
| 500 | _a**Reference | ||
| 504 | _a | ||
| 942 | _cBK | ||
| 999 |
_c11196 _d11196 |
||